Statistics for Name All KSI's Features

Click here to take the quiz!

General Stats

  • This quiz has been taken 45 times
    (43 since last reset)
  • The average score is 17 of 34

Answer Stats

Songs where the feature i inthe feature% Correct
Dont PlayAnne Marie
90%
Beerus, Slow Motion, Real Name, Red Alert, Heskey Time, Encore, For the Summer, Night to Remember, Champagne, Clean, New AgeRandolph
87%
Down Like That, Night To RememberS-X
85%
Keep Up, Pull UpJME
82%
Really LoveCraig David
74%
PoppinLil Pump
74%
Lamborghini, Wake Up Call RemixP Money
69%
PatiencePolo G
69%
EarthquakeRicegum
69%
PatienceYungblud
69%
Down Like ThatRick Ross
67%
HoudiniTion Wayne
67%
Down Like ThatLil Baby
64%
HoudiniSwarmz
62%
Real NameTalia Mar
62%
Wake Up Call, Wake Up Call RemixTrippie Redd
62%
UncontrollableBig Zuu
59%
CapOffset
59%
Poppin RemixCrypt
54%
PoppinSmokepurpp
49%
Killa KillaAiyana-Lee
46%
Wake Up Call RemixTobi
46%
TidesAj Tracey
41%
Friends With BenefitsMNDM
41%
Bad Lil VibeJeremih
38%
TidesRich the Kid
33%
Jump AroundWaka Flocka Flame
26%
Touch DownStefflon Don
15%
Sticks & StonesArjun
13%
Smoke 'N' MirrorsLunar C
13%
Goes OffMista Silva
10%
Smoke 'N' MirrorsNick Brewer
10%
Smoke 'N' MirrorsTigga Da Author
3%
Really Love, Don't PlayDigtial Farm Animals
0%

Score Distribution

Percentile by Number Answered

Percent of People with Each Score

Your Score History

You have not taken this quiz since the last reset